书目信息 |
| 题名: |
电子产品制作与调试
|
|
| 作者: | 葛永国 主编 | |
| 分册: | ||
| 出版信息: | 北京 机械工业出版社 2014 |
|
| 页数: | 182页 | |
| 开本: | 26cm | |
| 丛书名: | 中等职业教育改革创新示范教材 | |
| 单 册: | ||
| 中图分类: | TN05 , TN06 | |
| 科图分类: | ||
| 主题词: | 电子工业--Dian Zi Gong Ye--产品--生产工艺--中等专业学校--教材 , 电子工业--Dian Zi Gong Ye--产品--调试方法--中等专业学校--教材 | |
| 电子资源: | ||
| ISBN: | 978-7-111-43621-8 | |
| 000 | 01972nam 2200301 450 | |
| 001 | 1653376575 | |
| 005 | 20135219125210.0 | |
| 010 | @a978-7-111-43621-8@dCNY29.00 | |
| 100 | @a20140326d2014 em y0chiy0120 ea | |
| 101 | 0 | @achi |
| 102 | @aCN@b110000 | |
| 105 | @aak a 000yy | |
| 106 | @ar | |
| 200 | 1 | @a电子产品制作与调试@ADian Zi Chan Pin Zhi Zuo Yu Tiao Shi@f主编葛永国 |
| 210 | @a北京@c机械工业出版社@d2014 | |
| 215 | @a182页@c图@d26cm | |
| 225 | 2 | @a中等职业教育改革创新示范教材@AZhong Deng Zhi Ye Jiao Yu Gai Ge Chuang Xin Shi Fan Jiao Cai |
| 320 | @a有书目 | |
| 330 | @a本书共分为四大模块:模拟训练、虚拟仿真、生产案例及比赛与考证。其中的模拟训练模块,以工作过程为导向,以电子产品制作与调试工作任务为载体,共设:LED照明电路的搭接、声控闪光灯电路的制作、声光控节能开关的组装与调试、小型声光电子礼花器的制作与调试四个项目,融合安排了常用电子元器件的识别和检测、常用电子仪器仪表的使用方法、典型电子产品制作工艺、整机电路装接与调试等专业基本技能训练。虚拟仿真模块,以任务为导向,安排了两个电路仿真项目,一个是用仿真软件EWB进行数字电子钟电路的设计与仿真,另一个是用仿真软件Proteus进行声光电子礼花器的电路仿真,通过练习让学生初步掌握仿真软件的基本功能及使用方法。生产案例模块,以校内生产车间内的“T8型LED灯管的组装”生产为案例,学生体验了电子产品的生产流水线装配、安装、测试和检验、老化等过程。比赛与考证模块,先讲述了校内和省级技能比赛的规程,并附以模拟试卷;然后对本专业学生所涉及的“电子装接工”考证事宜进行了介绍,同时附以考证模拟试卷。 | |
| 333 | @a本书适用于中等职业学校、五年制高职等电子类专业教材,以及相关专业职业技能鉴定的训练教材,也可作为电子产品爱好者学习电子技术实用知识和技能的自学用书。 | |
| 410 | 0 | @12001 @a中等职业教育改革创新示范教材 |
| 606 | 0 | @a电子工业@ADian Zi Gong Ye@x产品@x生产工艺@x中等专业学校@j教材 |
| 606 | 0 | @a电子工业@ADian Zi Gong Ye@x产品@x调试方法@x中等专业学校@j教材 |
| 690 | @aTN05@v5 | |
| 690 | @aTN06@v5 | |
| 701 | 0 | @a葛永国@AGe Yong Guo@4主编 |
| 801 | 0 | @aCN@b江苏新华@c20150511 |
| 905 | @aBZT@dTN05@e5 | |
| 电子产品制作与调试/主编葛永国.-北京:机械工业出版社,2014 |
| 182页:图;26cm.-(中等职业教育改革创新示范教材) |
| 使用对象:本书适用于中等职业学校、五年制高职等电子类专业教材,以及相关专业职业技能鉴定的训练教材,也可作为电子产品爱好者学习电子技术实用知识和技能的自学用书。 |
| ISBN 978-7-111-43621-8:CNY29.00 |
| 本书共分为四大模块:模拟训练、虚拟仿真、生产案例及比赛与考证。其中的模拟训练模块,以工作过程为导向,以电子产品制作与调试工作任务为载体,共设:LED照明电路的搭接、声控闪光灯电路的制作、声光控节能开关的组装与调试、小型声光电子礼花器的制作与调试四个项目,融合安排了常用电子元器件的识别和检测、常用电子仪器仪表的使用方法、典型电子产品制作工艺、整机电路装接与调试等专业基本技能训练。虚拟仿真模块,以任务为导向,安排了两个电路仿真项目,一个是用仿真软件EWB进行数字电子钟电路的设计与仿真,另一个是用仿真软件Proteus进行声光电子礼花器的电路仿真,通过练习让学生初步掌握仿真软件的基本功能及使用方法。生产案例模块,以校内生产车间内的“T8型LED灯管的组装”生产为案例,学生体验了电子产品的生产流水线装配、安装、测试和检验、老化等过程。比赛与考证模块,先讲述了校内和省级技能比赛的规程,并附以模拟试卷;然后对本专业学生所涉及的“电子装接工”考证事宜进行了介绍,同时附以考证模拟试卷。 |
| ● |
| 相关链接 |
|
|
|
正题名:电子产品制作与调试
索取号:TN05/5
 
预约/预借
| 序号 | 登录号 | 条形码 | 馆藏地/架位号 | 状态 | 备注 |
| 1 | 802196 | 2000802196 | 第二书库/ [索取号:TN05/5] | 在馆 | |
| 2 | 802197 | 2000802197 | 第二书库/ [索取号:TN05/5] | 在馆 | |
| 3 | 802198 | 2000802198 | 第二书库/ [索取号:TN05/5] | 在馆 |